| 000 | 01176cad a2200241 4500 | ||
|---|---|---|---|
| 001 | L158778 | ||
| 008 | 100215n2013 000 0 eng u | ||
| 020 | _a9781783210305 | ||
| 035 | _a(Sirsi) u158778 | ||
| 041 | _aeng | ||
| 100 | 1 | _aRose, Timothy M. | |
| 111 | 2 |
_aConstruction and Building Research Conference _cIIT Delhi, New Delhi _d10-12 September 2013 |
|
| 245 | 0 | 0 |
_aDiffusion of extreme weather-proofing technology in the built environment _h[electronic resource] |
| 260 |
_aLondon _bRICS _c2013 |
||
| 490 | 0 |
_aCOBRA _v2013 |
|
| 520 | _aA paper presented at the COBRA Conference in New Delhi on 10-12 September 2013. Looks at the current state of extreme weatherproofing technology diffusion in the Australian built environment industry. Results suggest greater investment is required in research and development and improved knowledge sharing across the construction supply chain to further mitigate risks associated with greater incidences of extreme weather events. | ||
| 650 | 2 | 4 | _aCONSTRUCTION AND BUILDING RESEARCH CONFERENCE (COBRA) |
| 650 | 2 | 4 | _aWATERPROOFING |
| 651 | 4 | _aAustralia | |
| 690 | _aCONSTRUCTION | ||
| 700 | 1 | _aManley, K. | |
| 942 | _n0 | ||
| 999 |
_c115498 _d115498 |
||